| 000 | 00681nam a2200229 a 4500 | ||
|---|---|---|---|
| 001 | 000024068 | ||
| 005 | 20200930022706.0 | ||
| 008 | 110118s1990 sp 000 | spa d | ||
| 020 | _a9788476404089 | ||
| 040 |
_aDO-SdBNP _bspa _cBNPHU |
||
| 082 |
_a813.54 _bM978c |
||
| 100 | 1 |
_aMurphy, Pat _949452 |
|
| 245 | 1 | 3 |
_aLa ciudad, poco después / _cPat Murphy ; tradución A. Pareja. |
| 260 |
_aMadrid : _bEdaf D.L. , _c1990. |
||
| 300 |
_a315 p. ; _c20 cm. |
||
| 490 | 1 |
_aIcaro. Terror _v8 |
|
| 586 | _aPremio Nebula | ||
| 650 | 4 |
_aNovela estadounidense _9262 |
|
| 650 | 4 |
_aLiteratura estadounidense _9263 |
|
| 700 | 1 |
_aPareja, A., _etr. _949453 |
|
| 830 | 0 |
_aIcaro. Terror _n8 _949454 |
|
| 999 |
_c23563 _d23563 |
||